[Event "SVK-chT2C 1112"]
[Site "Slovakia"]
[Date "2012.02.26"]
[Round "11.5"]
[White "Dominik, Miroslav"]
[Black "Kollar, Vladimir"]
[Result "1-0"]
[WhiteElo "1849"]
[BlackElo "2060"]
[PlyCount "37"]
[EventDate "2011.10.08"]
[EventType "team-tourn"]
[EventRounds "11"]
[EventCountry "SVK"]
[SourceTitle "EXT 2013"]
[Source "ChessBase"]
[SourceDate "2012.11.22"]
[SourceVersion "1"]
[SourceVersionDate "2012.11.22"]
[SourceQuality "1"]
[WhiteTeam "Podpolanie Hrinova"]
[BlackTeam "Dunajov II"]
[WhiteTeamCountry "SVK"]
[BlackTeamCountry "SVK"]

1. Nf3 d5 2. c4 c6 3. cxd5 cxd5 4. d4 Nf6 5. Nc3 Nc6 6. Bg5 e6 7. e3 Be7 8. Be2 0-0 9. 0-0 a6 10. Rc1 Bd7 11. a3 Rc8 12. Bd3 h6 13. Bh4 Qa5 14. Bb1 g6 15. Qd3 Kg7 16. Ne5 Be8 17. Ne2 Qd8 18. Nf4 g5 19. Nh5+ 1-0

[Event "SVK-chT2C 1112"]
[Site "Slovakia"]
[Date "2011.12.04"]
[Round "6.8"]
[White "Dominik, Miroslav"]
[Black "Rogos, Jan Jr"]
[Result "0-1"]
[WhiteElo "1849"]
[BlackElo "2164"]
[PlyCount "88"]
[EventDate "2011.10.08"]
[EventType "team-tourn"]
[EventRounds "11"]
[EventCountry "SVK"]
[SourceTitle "EXT 2013"]
[Source "ChessBase"]
[SourceDate "2012.11.22"]
[SourceVersion "1"]
[SourceVersionDate "2012.11.22"]
[SourceQuality "1"]
[WhiteTeam "Podpolanie Hrinova"]
[BlackTeam "Jelsava"]
[WhiteTeamCountry "SVK"]
[BlackTeamCountry "SVK"]

1. Nf3 d5 2. e3 Bg4 3. Be2 Nc6 4. b3 Nf6 5. Ba3 g6 6. 0-0 Bg7 7. Bb2 0-0 8. c4 dxc4 9. Bxc4 Ne4 10. Bxg7 Kxg7 11. d4 e5 12. Qc2 Bxf3 13. gxf3 Ng5 14. Kg2 Qd7 15. Nd2 Qh3+ 16. Kg1 Nxf3+ 17. Nxf3 Qxf3 18. Be2 Qd5 19. dxe5 Qxe5 20. Bf3 Nd8 21. Rac1 c6 22. Rfd1 Ne6 23. Rd7 Rab8 24. Bg2 Kg8 25. Rcd1 Rfd8 26. Re7 Qc5 27. Rxd8+ Rxd8 28. Qxc5 Nxc5 29. b4 Rd1+ 30. Bf1 Nd7 31. Kg2 Kf8 32. Re4 Nf6 33. Rc4 Rd2 34. a4 Nd5 35. Kg3 Nb6 36. Rh4 h5 37. b5 cxb5 38. Rb4 bxa4 39. Bg2 a3 40. Rb3 Ra2 41. Bxb7 Ra1 42. Kf3 Nc4 43. Rb4 a2 44. Bd5 Rb1 0-1